000 00380nam a2200109Ia 4500
008 171204s9999 xx 000 0 und d
245 _aFrom Francophonie To World Literature In French: Ethics, Poetics, And Politics
245 _cTherese Migraine-George
260 _c2014
650 _xWorld Literature
856 _uhttp://down.ebook777.com/017/FroFraToWorLitInFreEthPoeAndPol.pdf
999 _c345629
_d345629